| 000 | 00473cam a2200181ua 4500 | ||
|---|---|---|---|
| 020 | _cRs 1.75 | ||
| 041 |
_amal _h |
||
| 082 |
_a894.812 7 _bRAJ/IN |
||
| 100 | _aRaja Raja Varma, P K . | ||
| 245 |
_aInchineeru / _cP K Raja Raja Varma. _hTextual Documents |
||
| 260 |
_aKottayam : _bSahitya Parishad Co Operative Society Limited , _c1961. |
||
| 300 | _a133 ; . | ||
| 365 | _aRs 1.75 | ||
| 504 | _a | ||
| 942 | _cBK | ||
| 999 |
_c524 _d524 |
||